Регионална библиотека "Любен Каравелов" - Русе

Съвременни насоки в механизацията на животновъдните ферми (Запис номер 183242)

MARC детайли
000 -Лидер
Контролно поле с фиксирана дължина nam a22 a 4500
003 - Код на организацията, давaща контролен номер
Контролно поле BLK
005 - Дата и час на последна редакция
Контролно поле 20220614124825.0
008 - Елементи от данни с фиксирана дължина
fixed length control field 180411b bul|||||r ||||||| ||bul||
010 ## - Наследен системен номер
LC control number KNG00192172000
040 ## - Източник на каталожния запис
Идентификатор на билиотеката - собственик на записа BLK
041 ## - Код за език
Код за езика на текст/звукозапис или на отделно заглавие Български
Код за езика КДБФ Български
080 ## - УДК
Текстов определител УДК Животновъдни сгради и съоръжения. Ферми. Спомагателни помещения. Оборудване. Вж и 728. 9; 69; 636. 08; 727. 6; 631. 3
УДК код - определител по УДК 631.22
УДК - код + определител 631.22
100 1# - Редна дума - Автор
Автор Димов, Стаю
Авторска отговорност първи автор
R(LIN) 343142
139 ## - Редно поле
Редна дума Димов, Стаю и др.
Авторски знак Димо - Д 60
245 10 - Сведения за заглавието
Заглавие Съвременни насоки в механизацията на животновъдните ферми
Редно поле (дума) Стаю Димов; съавт. Иван Горанов; съавт. Илия Шериев.
257 ## - Страна на издаване
Страна на създаване/издаване България
260 ## - Област на издателските данни
Място на издаване, разпространение и проч. София
Име на издателя, разпространителя и проч. Земиздат
Година на издаване 1968
Печатница Хасково : Ат. Стратиев
300 ## - Физическа характеристика
Страници 152 с.
Илюстрации и др. с ил.
Размери/Мащаб 22 см
380 ## - Жанр
Жанр Селско стопанство
500 ## - Общи забележки
Забележка 1 680 тир.
650 #4 - Допълнително описание по предмет – тема
Основно описание – тема или топоним Животновъдни ферми - механизация
9 (RLIN) 343148
700 1# - Други автори (авторска отговорност)
Лично име Горанов, Иван
Автороска отговорност (Описва отношението между автора и произведението) съавт.
9 (RLIN) 382107
700 1# - Други автори (авторска отговорност)
Лично име Шериев, Илия
Автороска отговорност (Описва отношението между автора и произведението) съавт.
9 (RLIN) 143250
852 ## - Местоположение
Форматна сигнатура Цб 45105
Фондова буква Хранилище
856 4# - Електронен адрес и достъп
Електронен формат pdf - файл
856 4# - Електронен адрес и достъп
Електронен формат pdf - файл
999 ## - СИСТЕМНИ КОНТРОЛНИ НОМЕРА
Koha biblionumber 183242
Koha biblioitemnumber 183242
942 ## - АРТИКУЛИ
Вид на библиотечния материал Книги
Скрит в OPAC Не
Периодичен библиозапис Да
944 ## - СЪЗДАВАНЕ И РЕДАКЦИЯ на ЗАПИСА
Създаване/Редакция Създаване
Дата на регистрацията/редакция 10.10.2016
Служител, извършил регистрацията/редакцията Кети_Илиева
944 ## - СЪЗДАВАНЕ И РЕДАКЦИЯ на ЗАПИСА
Създаване/Редакция Редакция
Дата на регистрацията/редакция 10.10.2016
Служител, извършил регистрацията/редакцията Кети_Илиева
Наличности
Код за отписване Код за изгубен артикул Източник на класификационната схема Код за повреда Коз за рестрикции Код за отдаване Артикулен № Име на библиотеката - собственик Име на библиотеката, в която се намира в момента Статус (Текущо местоположение) Дата на вписване в системата Местоположение - отдел Цена в лева Инвентарен номер Систематично азбучна сигнатура Баркод Номер на екземпляра Цена в евро Служебна бележка Служебен тип на артикула
  Не е изгубен Universal Decimal Classification Не е повреден само за читалня ползва се в читалня 315774 Регионална библиотека "Любен Каравелов" Русе Регионална библиотека "Любен Каравелов" Русе Хранилище 1968-01-01 Хранилище 0.47 9564/68 Цб 45105 900000101347 1 0.24 Вид: Сф Дата: 01.01.1968 Книги
Изтеглен Не е изгубен Universal Decimal Classification Не е повреден без рестрикции заемане за дома 315775 Регионална библиотека "Любен Каравелов" Русе Регионална библиотека "Любен Каравелов" Русе Заемна - подръчен фонд 1968-01-01 Заемна - подръчен фонд 0.00 10294/68 П 631/Д 60 10294/68 2 0.00 Вид: Сф Дата: 01.01.1968 Книги
Vip Innovations Ltd, Rousse, Bulgaria 2025